Państwa świata z literą M - Statystyki

Ogólne statystyki
  • Ten quiz został rozwiązany 2 425 razy
    2 412 od ostatniego zresetowania
  • Średni wynik to 35 z 49
Statystyki odpowiedzi
Państwa % Poprawnych
Macedonia Północna
88%
Mołdawia
88%
Malezja
87%
Meksyk
87%
Monako
87%
Mongolia
86%
Maroko
85%
Mali
84%
Malta
84%
Madagaskar
81%
Malediwy
80%
Mauretania
80%
Armenia
77%
Mauritius
77%
Oman
76%
Mikronezja
75%
Mozambik
75%
Zjednoczone Emiraty Arabskie
74%
Dominika
73%
Dominikana
73%
Jemen
73%
Zambia
73%
Zimbabwe
72%
Malawi
71%
Panama
71%
Rumunia
71%
Kolumbia
70%
Mjanma
70%
Niemcy
70%
Demokratyczna Republika Konga
69%
San Marino
69%
Kambodża
68%
Wyspy Marshalla
67%
Jamajka
66%
Luksemburg
66%
Kamerun
65%
Namibia
65%
Turkmenistan
65%
Gambia
64%
Somalia
64%
Wyspy Salomona
62%
Wyspy Świętego Tomasza i Książęca
62%
Gwatemala
61%
Wietnam
60%
Bahamy
58%
Komory
58%
Samoa
55%
Surinam
54%
Timor Wschodni
54%
Nie znaleziono quizów pasujących do podanych kryteriów
Rozkład punktacji
Procent ludzi z każdym wynikiem
Percentyl według liczby udzielonych odpowiedzi
Twoja historia wyników
Nie rozwiązałeś tego quizu od ostatniego zresetowania